Study of using moringa oleifera leaves replace soybean in concentrate on growthrate of quail at animal experimental station ofr rua (ការសិក្សាលើការប្រើប្រាស់ស្លឺកម្រុុំក្រៀមជំនួសសណ្ដែកសៀងក្នុងចំណីផ្សំលើការលូតលាស់ាបស់ក្រួចនៅស្ថានីយ៏ពិសោធន៏សត្វនៃសាកលវិទ្យាល័យភូមិន្ទកសិកម្ម) (Record no. 2753)

000 -LEADER
fixed length control field 00916nam a22001577a 4500
003 - CONTROL NUMBER IDENTIFIER
control field OSt
005 - DATE AND TIME OF LATEST TRANSACTION
control field 20151027090710.0
008 - FIXED-LENGTH DATA ELEMENTS--GENERAL INFORMATION
fixed length control field 151027b xxu||||| |||| 00| 0 eng d
040 ## - CATALOGING SOURCE
Transcribing agency RUA
082 ## - DEWEY DECIMAL CLASSIFICATION NUMBER
Classification number AVM VOE 2009 B089 Or.1
100 ## - MAIN ENTRY--PERSONAL NAME
9 (RLIN) 2936
Personal name VOEURN, SAMPHOS.
245 ## - TITLE STATEMENT
Title Study of using moringa oleifera leaves replace soybean in concentrate on growthrate of quail at animal experimental station ofr rua (ការសិក្សាលើការប្រើប្រាស់ស្លឺកម្រុុំក្រៀមជំនួសសណ្ដែកសៀងក្នុងចំណីផ្សំលើការលូតលាស់ាបស់ក្រួចនៅស្ថានីយ៏ពិសោធន៏សត្វនៃសាកលវិទ្យាល័យភូមិន្ទកសិកម្ម)
260 ## - PUBLICATION, DISTRIBUTION, ETC. (IMPRINT)
Place of publication, distribution, etc. Phnom Penh
Name of publisher, distributor, etc. RUA
Date of publication, distribution, etc. 2009
300 ## - PHYSICAL DESCRIPTION
Extent x, 45p.
Other physical details ill.
Dimensions 29cm.
942 ## - ADDED ENTRY ELEMENTS (KOHA)
Source of classification or shelving scheme
Koha item type AVM
Holdings
Price effective from Date last seen Permanent Location Not for loan Date acquired Source of classification or shelving scheme Koha item type Lost status Withdrawn status Date last checked out Total Checkouts Shelving location Damaged status Barcode Current Location Full call number
2015-10-272018-05-21Library Block B 2015-10-27 AVM  2018-04-281B089 RUA006769Library Block BAVM VOE 2009 B089 Or.1
2015-10-272015-10-27Library Block B 2015-10-27 AVM    B089 RUA006770Library Block BAVM VOE 2009 B089 Or.2
2015-10-272015-10-27Library Block B 2015-10-27 AVM    B089 RUA007761Library Block BAVM VOE 2009 B089 Or.3
2015-10-272015-10-27Library Block B 2015-10-27 AVM    B089 RUA007864Library Block BAVM VOE 2009 B089 Or.4
មជ្ឈមណ្ឌលឯការនៃសាកលវិទ្យាល័យភូមិន្ទកសិកម្មចំការដូង

Powered by Koha